Statistics for General Knowledge Quiz #160

Click here to take the quiz!

General Stats

  • This quiz has been taken 20,760 times
  • The average score is 10 of 20

Answer Stats

Question Answer % Correct
What organ do most fish use to breathe?Gill
94%
In what fictional series would you find a bird called a mockingjay?The Hunger Games
80%
What Greek letter is shaped like a triangle?Delta
77%
What software company created Photoshop, Flash, and the PDF file format?Adobe
70%
What does an ornithologist study?Birds
68%
What is the term for a flooded field where rice is grown?Paddy
62%
What disease is caused by excessive uric acid and can cause pain in one's big toe?Gout
58%
What profession stereotypically wears tweed jackets with leather patches?Professors
55%
What Olympic martial art is famously practiced by Vladimir Putin?Judo
52%
In astronomy, what term is the opposite of solstice, and marks the time when the
Sun is directly over the Earth's equator?
Equinox
51%
What French word means "there it is", and might be said by a waiter bringing your food?Voila
51%
What is the luxury division of Toyota?Lexus
48%
What song's lyrics ask: "All the lonely people. Where do they all come from"?Eleanor Rigby
42%
What French military unit is composed mainly of people who are not French citizens?French Foreign Legion
41%
What type of fish is a common breakfast food in the United Kingdom?Kippered Herring
41%
What is ghee?Clarified Butter
41%
What was the last country to abolish serfdom, in 1861?Russia
39%
What unit of area is equal to 1/100th of a square kilometer?Hectare
29%
What common map projection makes Greenland appear to be the same size as Africa?
(Africa is more than 10 times larger)
Mercator
22%
What is the only country outside of Africa where cheetahs can still be found in the wild?Iran
15%

Score Distribution

Percentile by Number Answered

Percent of People with Each Score

Your Score History

You have not taken this quiz